| 000 -LEADER |
| fixed length control field |
00556cam a22001694a 4500 |
| 020 ## - INTERNATIONAL STANDARD BOOK NUMBER |
| ISBN |
0646437038 |
| 040 ## - CATALOGING SOURCE |
| Transcribing agency |
NIC |
| 082 ## - DEWEY DECIMAL CLASSIFICATION NUMBER |
| Classification number |
615 BEN 2004 C143 Or. |
| 100 1# - MAIN ENTRY--AUTHOR NAME |
| Personal name |
Kham, Lavit. |
| 245 10 - TITLE STATEMENT |
| Title |
Medicinal plants of Cambodia : |
| Remainder of title |
habitat, chemical constituents and ethnobotanical uses / |
| 260 ## - PUBLICATION, DISTRIBUTION, ETC. (IMPRINT) |
| Place of publication |
Golden Square, Australia : |
| Name of publisher |
Bendigo Scientific Press, |
| Year of publication |
c2004. |
| 300 ## - PHYSICAL DESCRIPTION |
| Number of Pages |
liii, 631 p. : |
| Other physical details |
ill. (some col.), col. map ; |
| Dimensions |
26 cm. |
| 500 ## - GENERAL NOTE |
| General note |
Map on lining paper. |
| 650 #0 - SUBJECT ADDED ENTRY--TOPICAL TERM |
| Topical Term |
Materia medica, Vegetable |
| 650 #0 - SUBJECT ADDED ENTRY--TOPICAL TERM |
| Topical Term |
Medicinal plants |
| 942 ## - ADDED ENTRY ELEMENTS (KOHA) |
| Koha item type |
ADB |
| 952 ## - LOCATION AND ITEM INFORMATION (KOHA) |
| Withdrawn status [LOCAL, KOHA] |
0 |